000 00431nam a2200169Ia 4500
008 241115s9999 xx 000 0 und d
020 _aNA
082 _a621.3815 BOG
100 _aBogart, Theodore F.
245 0 _aElectronic Device and Circuits
250 _a4th
260 _aNew Jursey:
_bPrintice Hall,
_c1997.
300 _a1001p.
600 _aElectrical Engineering
650 _aElectrical Engineering
942 _cBBD
999 _c24519
_d24519